| 000 | 00409 a2200157 4500 | ||
|---|---|---|---|
| 003 | Nust | ||
| 005 | 20170207171611.0 | ||
| 040 | _cNust | ||
| 082 | _a621.3822 | ||
| 100 | _aOppenheim, Alan V. | ||
| 245 |
_a Signals and Systems (E-BOOK) _cAlan V. Oppen _hAlan V. Oppenheim |
||
| 260 | _aPrentice Hall Signal Processing Series | ||
| 300 | _a402 p | ||
| 650 | _aSignals and Systems | ||
| 651 | _aSignals and Systems | ||
| 942 |
_2ddc _cBK |
||
| 999 |
_c217715 _d217715 |
||